Concise Courses in Medical-Surgical Nursing-II/ (Record no. 1549)
[ view plain ]
| 000 -LEADER | |
|---|---|
| Fixed length control field | 00551nam a2200193Ia 4500 |
| 003 - CONTROL NUMBER IDENTIFIER | |
| Control field | IIN |
| 005 - DATE AND TIME OF LATEST TRANSACTION | |
| Control field | 20250505110743.0 |
| 008 - FIXED-LENGTH DATA ELEMENTS--GENERAL INFORMATION | |
| Fixed length control field | 231217s2024 xx ad 000 0 eng d |
| 020 ## - INTERNATIONAL STANDARD BOOK NUMBER / ISBN | |
| Price | Rs.1699.00 |
| International Standard Book Number | 9789381390429 |
| 040 ## - CATALOGING SOURCE | |
| Original cataloging agency | IIN |
| Language of cataloging | English |
| 082 ## - DEWEY DECIMAL CLASSIFICATION NUMBER | |
| Classification number | 610.73677 |
| Book Number | ANS |
| 100 1# - MAIN ENTRY--PERSONAL NAME | |
| Personal name | Ansari, Javed |
| 245 1# - TITLE STATEMENT | |
| Title | Concise Courses in Medical-Surgical Nursing-II/ |
| Statement of responsibility | Javed Ansari & Davinder Kaur |
| 260 ## - IMPRINT | |
| Name of publisher | Pee Vee |
| Place of publication | Jalandhar |
| Date of publication | 2022 |
| 300 ## - PHYSICAL DESCRIPTION | |
| Page / Vol. No | [16], 1-912p. / V.2 |
| 650 1# - SUBJECT ADDED ENTRY--TOPICAL TERM | |
| Topical term | Medical Surgical |
| Form subdivision | Nursing |
| 700 1# - ADDED ENTRY--PERSONAL NAME | |
| Personal name | Kaur, Davinder |
| 942 ## - ADDED ENTRY ELEMENTS (KOHA) | |
| Koha item type | Books |
| Withdrawn status | Lost status | Source of classification | Damaged status | Not for loan | Collection code | Home library | Current library | Date acquired | Price | Total Checkouts | Call number | Accession number | Date last seen | Date checked out | Copy number | Price effective from | Koha item type | Checked out | Shelving location |
|---|---|---|---|---|---|---|---|---|---|---|---|---|---|---|---|---|---|---|---|
| Dewey Decimal Classification | IDEAL INSTITUTE OF NURSING | IDEAL INSTITUTE OF NURSING | 17/12/2023 | 1699.00 | 1 | 610.73677 ANS | 1543 | 14/01/2026 | 06/01/2026 | 1 | 17/12/2023 | Books | |||||||
| Dewey Decimal Classification | IDEAL INSTITUTE OF NURSING | IDEAL INSTITUTE OF NURSING | 17/12/2023 | 1699.00 | 610.73677 ANS | 1544 | 17/12/2023 | 2 | 17/12/2023 | Books | |||||||||
| Dewey Decimal Classification | IDEAL INSTITUTE OF NURSING | IDEAL INSTITUTE OF NURSING | 17/12/2023 | 1699.00 | 1 | 610.73677 ANS | 1545 | 07/01/2026 | 07/01/2026 | 3 | 17/12/2023 | Books | 14/01/2026 | ||||||
| Dewey Decimal Classification | Purches Book | IDEAL INSTITUTE OF NURSING | IDEAL INSTITUTE OF NURSING | 11/03/2025 | 1899.00 | 1 | 610.73677 ANS | 1981 | 07/01/2026 | 07/01/2026 | 4 (V-2) | 05/05/2025 | Books | 14/01/2026 | General Stacks |
